Loading...

The Cambridge companion to Chekhov

Bibliographic Details
Main Authors: Allain, Paul; Editor, Gottlieb, Vera; Editor
Format: Printed Book
Published: Cambridge, Cambridge University Press 2000
Series:Cambridge companion to literature
Subjects:
LEADER 008040000a22002290004500
020 |a 0-521-58917-7 
082 |a 891.72 CHE 09 P0 
100 |a Allain, Paul; Editor 
100 |a Gottlieb, Vera; Editor 
245 |a The Cambridge companion to Chekhov 
250
260 |a Cambridge, Cambridge University Press 
260 |c 2000 
460 |a xxxiii,293 
465 |a Rs.595.00 
490 |a Cambridge companion to literature 
500 |a ed.by Vera Gittlieb and Paul Allain 
500 |a Includes bibliographical references and index 
650 |a Chekhov, Anton-Criticism and interpretation 
942 |c BK 
999 |c 31049  |d 31049 
952 |0 0  |1 0  |4 0  |6 891_720000000000000_CHE_09_P0  |7 0  |8 ENG  |9 31100  |a MGUL  |b MGUL  |d 2013-07-16  |e Rs.595.00  |l 1  |o 891.72 CHE 09 P0  |p 31479  |r 2014-03-04  |s 2014-02-19  |w 2013-07-16  |y BK